LIBRARY & INFORMATION CENTRE, KCAET, TAVANUR

ONLINE PUBLIC ACCESS CATALOGUE (OPAC)

Techniques of handling people / (Record no. 3481)

MARC details
000 -LEADER
fixed length control field 00421cam a2200157ua 4500
041 ## - LANGUAGE CODE
Language code of text/sound track or separate title eng
082 ## - DEWEY DECIMAL CLASSIFICATION NUMBER
Classification number 658.31244
Item number LAI/TE
100 ## - MAIN ENTRY--AUTHOR NAME
Personal name Laird, Donald A .
245 ## - TITLE STATEMENT
Title Techniques of handling people /
250 ## - EDITION STATEMENT
Edition statement 1 /
260 ## - PUBLICATION, DISTRIBUTION, ETC. (IMPRINT)
Place of publication New York :
Name of publisher McGraw Hill Book Company ,
Year of publication 1954.
300 ## - PHYSICAL DESCRIPTION
Number of Pages 189 ; .
700 1# - ADDED ENTRY--PERSONAL NAME
Personal name Laird, Eleanorc .
942 ## - ADDED ENTRY ELEMENTS (KOHA)
Koha item type Books
Holdings
Withdrawn status Lost status Damaged status Home library Current library Date acquired Full call number Accession Number Koha item type
      KAUAET KAUAET 07/04/2012 658.31244 LAI/TE 549 Books
free website counter